| 000 | 00724nam a22002177a 4500 | ||
|---|---|---|---|
| 003 | OSt | ||
| 005 | 20251202085842.0 | ||
| 008 | 251202b |||||||| |||| 00| 0 eng d | ||
| 020 | _a0-471-15510-1. | ||
| 040 |
_aDWCL-Main lib _cOC |
||
| 082 | _aCirc. 371.926 Os83l 1997 | ||
| 100 | _aOsman, Betty B. | ||
| 245 |
_aLearning disabilities and ADHD : _ba family guide to living and learning together/ _cOsman, Betty B. |
||
| 260 |
_aN. Y. : _bWiley, _cc1997. |
||
| 300 |
_a228 p. ; _c22 cm. |
||
| 650 | _aAttention disordered children-Education. | ||
| 650 | _aAttention-deficit hyperactivity disorder. | ||
| 650 | _aLearning disabilities. | ||
| 650 | _aLearning disabled children-Education. | ||
| 942 |
_2ddc _cBK-CIRC _kCirc. _n0 |
||
| 999 |
_c6682 _d6682 |
||